Fourth shore ; (Record no. 124043)
[ view plain ]
| 000 -LEADER | |
|---|---|
| fixed length control field | 00784cam a2200253I 4500 |
| 001 - CONTROL NUMBER | |
| control field | 4605444 |
| 003 - CONTROL NUMBER IDENTIFIER | |
| control field | ARRUPE |
| 005 - DATE AND TIME OF LATEST TRANSACTION | |
| control field | 20160128125345.0 |
| 008 - FIXED-LENGTH DATA ELEMENTS--GENERAL INFORMATION | |
| fixed length control field | 791015s1940 enkacf 000 0 eng c |
| 010 ## - LIBRARY OF CONGRESS CONTROL NUMBER | |
| LC control number | a 41002823 |
| 035 ## - SYSTEM CONTROL NUMBER | |
| System control number | (OCoLC)ocm05526734 |
| 035 ## - SYSTEM CONTROL NUMBER | |
| System control number | (NNC)4605444 |
| 040 ## - CATALOGING SOURCE | |
| Original cataloging agency | New York. Public Library |
| Transcribing agency | SUC |
| Modifying agency | OCL |
| 098 ## - OTHER CLASSIFICATION SCHEMES (OCLC) | |
| Call number based on other classification scheme | MX72 |
| 300 ## - PHYSICAL DESCRIPTION | |
| Other physical details | front. (port.) plates. |
| Dimensions | 23 cm. |
| 100 1# - MAIN ENTRY--PERSONAL NAME | |
| Personal name | Moore, Martin. |
| 9 (RLIN) | 21823 |
| 245 10 - TITLE STATEMENT | |
| Title | Fourth shore ; |
| Remainder of title | Italy's mass colonization of Libya, |
| Statement of responsibility, etc | by Martin Moore ... |
| 260 ## - PUBLICATION, DISTRIBUTION, ETC. (IMPRINT) | |
| Place of publication, distribution, etc | London, |
| Name of publisher, distributor, etc | G. Routledge & sons, ltd. |
| Date of publication, distribution, etc | [1940] |
| 300 ## - PHYSICAL DESCRIPTION | |
| Extent | 233 p. |
| 500 ## - GENERAL NOTE | |
| General note | "First published 1940" |
| 651 #0 - SUBJECT ADDED ENTRY--GEOGRAPHIC NAME | |
| Geographic name | Italy |
| General subdivision | Emigration and immigration. |
| 9 (RLIN) | 21824 |
| 651 #0 - SUBJECT ADDED ENTRY--GEOGRAPHIC NAME | |
| Geographic name | Libya |
| General subdivision | Emigration and immigration. |
| 9 (RLIN) | 21825 |
| 942 ## - ADDED ENTRY ELEMENTS (KOHA) | |
| Source of classification or shelving scheme | Library of Congress Classification |
| Koha item type | SPC |
| Withdrawn status | Lost status | Source of classification or shelving scheme | Damaged status | Not for loan | Collection code | Home library | Current library | Shelving location | Date acquired | Total Checkouts | Full call number | Barcode | Date last seen | Price effective from | Koha item type |
|---|---|---|---|---|---|---|---|---|---|---|---|---|---|---|---|
| Library of Congress Classification | SPECIAL Collection | ARRUPE LIBRARY | ARRUPE LIBRARY | Reference | 26/01/2016 | SPC DT235.M823 | 46500006128 | 26/01/2016 | 26/01/2016 | SPC |